000 00772nam a2200217 4500
001 113536
003 DR-UNIBE
005 20250509123335.0
008 250502b2006 py ||||| |||| 00| 0 spa d
040 _aBIBLIOTECA UNIBE
_cBIBLIOTECA UNIBE
_bspa
_erda
041 _aspa
082 _aF 5689
100 1 _aTorres Kirmser, Jose Raul
_eautor
_9195166
111 2 _aConferencia Internacional Anticorrupción
_c(7ª : 2006 : Ciudad de Guatemala -Antigua)
_9194864
245 1 0 _aLucha contra la corrupción una causa de los pueblos libres /
_cJose Raul Torres Kirmser
260 _aGuatemala :
_bUnidad de Modernización Organismo Judicial,
_c2001
300 _aPaginación varias
650 7 _2lemb
_aCorrupción
_992928
650 7 _2lemb
_aJusticia
942 _2ddc
_cMX
999 _c113536
_d113536